1196 1993 1518 1922 1639 1315 1038 1346 1545 1382 1671 1026 1505 1546 1898 1460 1247 1203 1564 1351 1636 1881 1686 1940 1338 1437 1028 1287 1515 1169 1762 1507 1080 1774 1835 1847 1792 1146 1954 1709 1408 1300 1610 1971 1420 1538 1768 1191 1756 1493 1090 1062 1066 1360 1295 1311 1215 1140 1198 1950 1249 1801 1533 1867 1957 1880 1698 1930 1151 1784 1359 1149 1707 1398 1399 1523 1835 1667 1315 1656 1892 1318 1478 1354 1539 1075 1233 1472 1514 1846 1217 1562 1693 1419 1762 1278 1610 1243 1846 BCNSPRNW ULIB Ver.6.0+V

เปลี่ยนเป็นภาษาไทย

Change to English
 แสดงรายละเอียดบรรณานุกรม
  กลับหน้าหลัก

Brief Record : Get Marc (ISO 2709) : E-mail record : QR code < ปิดหน้าต่าง
LEADER : 00000nam 2200000uu 4500
001    13399114329
003     ULIB
008    120321s||||||||th 000 0 tha d
020    ^a9789749900734
050  4 ^aBF128.T35^bจ536จ
245 00 ^aจิตวิทยาทั่วไป /^cคณะผู้เขียน, จิราภา เต็งไตรรัตน์ ...[และคนอื่นๆ]
250    ^aพิมพ์ครั้งที่ 6 แก้ไขเพิ่มเติม
260    ^aกรุงเทพฯ :^bภาควิชาจิตวิทยา คณะศิลปศาสตร์มหาวิทยาลัยธรรมศาสตร์,^c2552
300    ^a(14), 364 หน้า :^bภาพประกอบ ;^c26 ซม.
650  7 ^aการปรับตัว
650  7 ^aจิตวิทยา
650  7 ^aบุคลิกภาพ
650  7 ^aอารมณ์^xจิตวิทยา
700 0  ^aจิราภา เต็งไตรรัตน์
710 2  ^aมหาวิทยาลัยธรรมศาสตร์. ^bคณะศิลปศาสตร์. ^bภาควิชาจิตวิทยา
945    ^p370^l0^i031405
995    ^aทศพร
999 ^a ทศพร
รายการนี้ยังไม่มีแท็ก
คุณยังไม่ได้ล็อกอิน คุณสามารถมีกิจกรรมร่วมกับเว็บไซต์ได้ แต่ต้องล็อกอินก่อน ::
  ล็อกอิน

รายการสื่อสารสนเทศ

ลำดับที่ ประเภท เลขเรียก/บาร์โค้ด สถานที่ สถานะ
- ไม่พบข้อมูล -

รายการใกล้เคียง
    หัวเรื่อง [การปรับตัว]
    หัวเรื่อง [จิตวิทยา]
    หัวเรื่อง [บุคลิกภาพ]

BibComment


ยังไม่เคยถูกคอมเมนท์

คอมเมนท์ทรัพยากรรายการนี้
  คอมเมนท์: จิตวิทยาทั่วไป ..


 Copyright 2026. Bcnsprnw @Library